[Event "GER Seniors Derby 05th"]
[Site "Wesel Undeloh"]
[Date "2006.04.22"]
[Round "6"]
[White "Schmidt, Bernhard1111"]
[Black "Schertler, Karl"]
[Result "0-1"]
[WhiteElo "1288"]
[BlackElo "1490"]
[PlyCount "60"]
[EventDate "2006.04.20"]
[EventType "swiss"]
[EventRounds "7"]
[EventCountry "GER"]
[SourceTitle "EXT 2007"]
[Source "ChessBase"]
[SourceDate "2006.11.23"]
[SourceVersion "1"]
[SourceVersionDate "2006.11.23"]
[SourceQuality "1"]

1. d4 Nf6 2. Nf3 d5 3. Bg5 e6 4. e3 Be7 5. c4 b6 6. Nc3 0-0 7. Rc1 Bb7 8. cxd5 Nxd5 9. Bxe7 Qxe7 10. Bd3 Nd7 11. 0-0 Rac8 12. Bb1 c5 13. Qd3 N7f6 14. Ng5 g6 15. Ne2 Rfd8 16. Qa3 Rc7 17. dxc5 bxc5 18. Rfd1 Rdc8 19. Rc4 Nb6 20. Rh4 Nh5 21. Rg4 f5 22. Nxe6 Qxe6 23. Rh4 Nd7 24. Nf4 Nxf4 25. Rxf4 Nf6 26. Qc3 Nd5 27. Qc4 Nxf4 28. Qxf4 Rd7 29. Bc2 Rxd1+ 30. Bxd1 Qxa2 0-1